History Quiz

Random History or Art Quiz

Categorize This!: Artists Quiz Stats

 Plays Quiz Updated Nov 23, 2016

Challenge
Share
Tweet
Embed
Score 0/40 Timer 03:00
0 Plays Today
% Correct
Italy
89.7%
Italy
88.6%
France
88.5%
Italy
88.2%
Italy
87.9%
France
86.5%
France
86.3%
United States
83.5%
France
83.1%
United States
82.5%
United States
82%
Italy
79.3%
Spain
79.1%
United States
78.8%
United States
78.1%
Spain
77.4%
France
77.3%
France
75.4%
Germany
75.4%
Mexico
73.6%
% Correct
Spain
73.4%
United Kingdom
73.2%
Netherlands
72.2%
Netherlands
70%
Netherlands
68.7%
Italy
67.5%
United Kingdom
66.8%
Mexico
64.5%
France
63.2%
United States
61%
France
60.2%
Spain
60%
Spain
59.6%
United Kingdom
54.1%
Germany
53.1%
United Kingdom
52.6%
United States
49.5%
Spain
47.5%
Netherlands
24.5%
Germany
10.4%

You're not logged in!

Compare scores with friends on all Sporcle quizzes.
OR
Log In

You Might Also Like...

Show Comments

Extras

Top Quizzes Today


Score Distribution

Your Account Isn't Verified!

In order to create a playlist on Sporcle, you need to verify the email address you used during registration. Go to your Sporcle Settings to finish the process.

Report this User

Report this user for behavior that violates our Community Guidelines.

Details: